[Event "DVM U14w 2011"]
[Site "Arendsee (Altmark) GER"]
[Date "2011.12.30"]
[Round "7"]
[White "Krauße, Vanessa"]
[Black "Hütte, Sarah"]
[Result "0-1"]
[Termination "normal"]
[Board "6.2"]
[WhiteElo "1228"]
[BlackElo "1055"]
[WhiteTeam "SK Turm Bad Hersfeld"]
[BlackTeam "SV Welper"]
[WhiteFideId "12937991"]
[BlackFideId "12929611"]
[EventCountry "GER"]
[EventRounds "7"]
[EventType "team-swiss"]
[EventDate "2011.12.26"]

1. e4 g6 2. Nf3 Bg7 3. Nc3 c6 4. Bc4 d6 5. Ng5 e6 6. d4 d5 7. exd5 cxd5 8. Bb5+
Nd7 9. O-O h5 10. Qf3 Qe7 11. Bd2 Nh6 12. Nxd5 Qd8 13. Nf6+ Bxf6 14. Ne4 Nf5
15. h3 Kf8 16. Bxd7 Bxd7 17. g4 Nxd4 18. Qxf6 Qxf6 19. Nxf6 Nf3+ 20. Kg2 Nxd2
21. Nxd7+ Ke7 22. Rfd1 Rad8 23. Rxd2 Rxd7 24. Re2 hxg4 25. hxg4 Rhd8 26. Re3
Rd1 27. Rxd1 Rxd1 28. Rb3 b6 29. Ra3 a5 30. Rb3 Rd2 31. c3 Rd6 32. Rb5 Kd7 33.
b4 a4 34. c4 Kc7 35. Kf3 Rd4 36. c5 bxc5 37. bxc5 Rc4 38. Ra5 Kc6 39. Ra7 f5
40. gxf5 gxf5 41. Re7 Kd5 42. Rd7+ Kxc5 43. Rc7+ Kd5 44. Rd7+ Ke5 45. Rd3 Kf6
46. Rd6 Rc2 47. Ra6 Rxa2 48. Kg3 Ke5 49. Kf3 Ra3+ 50. Kg2 f4 51. f3 Kf5 52.
Ra5+ e5 53. Ra8 Ra2+ 54. Kf1 Ke6 55. Re8+ Kd5 56. Rd8+ Kc4 57. Rd1 a3 58. Rc1+
Kd4 59. Re1 Rb2 60. Re4+ Kd5 61. Ra4 a2 62. Ra5+ Kd4 63. Ra4+ Kc3 64. Ra3+ Kc4
65. Ra4+ Kb3 66. Ra8 Kc3 67. Ra3+ Kc2 68. Ra8 Kb1 69. Rd8 a1=Q 0-1

[Event "DVM U14w 2011"]
[Site "Arendsee (Altmark) GER"]
[Date "2011.12.30"]
[Round "7"]
[White "Marx, Jasmin"]
[Black "Gärling, Paula"]
[Result "1/2-1/2"]
[Termination "normal"]
[Board "6.3"]
[WhiteElo "1025"]
[BlackElo "1104"]
[WhiteTeam "SV Welper"]
[BlackTeam "SK Turm Bad Hersfeld"]
[WhiteFideId "12929620"]
[EventCountry "GER"]
[EventRounds "7"]
[EventType "team-swiss"]
[EventDate "2011.12.26"]

1. d4 d5 2. Nf3 Nf6 3. e3 Bf5 4. c4 e6 5. Nc3 c5 6. Be2 Bd6 7. O-O Nc6 8. dxc5
Bxc5 9. a3 dxc4 10. Bxc4 Qxd1 11. Rxd1 O-O 12. b4 Bb6 13. Bb2 Rfd8 14. Bb3
Rxd1+ 15. Rxd1 Rd8 16. Rxd8+ Bxd8 17. Nd4 Nxd4 18. exd4 Ne4 19. Nxe4 1/2-1/2

[Event "DVM U14w 2011"]
[Site "Arendsee (Altmark) GER"]
[Date "2011.12.30"]
[Round "7"]
[White "Janzen, Sabine"]
[Black "Schaller, Bettina"]
[Result "0-1"]
[Termination "normal"]
[Board "6.4"]
[WhiteElo "1094"]
[BlackElo "1089"]
[WhiteTeam "SK Turm Bad Hersfeld"]
[BlackTeam "SV Welper"]
[BlackFideId "12929638"]
[EventCountry "GER"]
[EventRounds "7"]
[EventType "team-swiss"]
[EventDate "2011.12.26"]

1. e4 g6 2. Nf3 Bg7 3. d4 d6 4. Bb5+ c6 5. Ba4 Nf6 6. Nc3 O-O 7. e5 dxe5 8.
Nxe5 Bf5 9. Be3 Nbd7 10. Bb3 Nxe5 11. dxe5 Ng4 12. f4 Nxe3 13. Qf3 Nxc2+ 14.
Bxc2 Bxc2 15. O-O Bf5 16. Rad1 Qb6+ 17. Qf2 Qxf2+ 18. Rxf2 Rad8 19. Rxd8 Rxd8
20. h3 f6 21. exf6 Bxf6 22. Rf3 Rd2 23. b3 Bxc3 24. Rxc3 Rxa2 25. Re3 Kf7 26.
Kf1 b5 27. Rc3 Be4 28. Rg3 c5 29. Kg1 c4 30. bxc4 bxc4 31. Kf1 a5 32. Kg1 a4
33. Kf1 Rc2 34. Rg4 a3 35. Rg3 a2 36. Kg1 a1=Q+ 37. Kh2 Qf1 38. h4 Rxg2+ 39.
Rxg2 Qxg2# 0-1

[Event "DVM U14w 2011"]
[Site "Arendsee (Altmark) GER"]
[Date "2011.12.30"]
[Round "7"]
[White "Richardt, Angelina"]
[Black "Wagner, Swenja"]
[Result "0-1"]
[Termination "normal"]
[Board "7.2"]
[WhiteElo "1154"]
[BlackElo "1249"]
[WhiteTeam "SV Breitenworbis"]
[BlackTeam "SV Gryps"]
[WhiteFideId "12938149"]
[BlackFideId "12900494"]
[EventCountry "GER"]
[EventRounds "7"]
[EventType "team-swiss"]
[EventDate "2011.12.26"]

1. e4 e5 2. Nf3 Nc6 3. Bc4 Nf6 4. d3 Be7 5. c3 d6 6. b4 Bg4 7. h3 Bh5 8. Nbd2
O-O 9. O-O Kh8 10. Qb3 a6 11. a4 Nd7 12. Qa2 f5 13. exf5 Bxf3 14. Nxf3 Rxf5 15.
Be3 Rf8 16. Qc2 h6 17. d4 exd4 18. Nxd4 Nxd4 19. Bxd4 Bf6 20. Rad1 Bxd4 21.
Rxd4 Ne5 22. Ba2 Qf6 23. Bb1 g6 24. f4 Nc6 25. Rd2 Ne7 26. Rdf2 Nf5 27. Re1
Rae8 28. Rxe8 Rxe8 29. Kh2 b5 30. a5 c5 31. bxc5 dxc5 32. Rd2 Qh4 33. Rf2 Qg3+
34. Kg1 Re1+ 35. Rf1 Rxf1+ 36. Kxf1 Ne3+ 37. Ke2 Nxc2 38. Bxc2 Qxg2+ 39. Kd1
Qf3+ 40. Kc1 Qxf4+ 0-1

[Event "DVM U14w 2011"]
[Site "Arendsee (Altmark) GER"]
[Date "2011.12.30"]
[Round "7"]
[White "Melüh, Vanessa"]
[Black "Hendus, Isabelle"]
[Result "0-1"]
[Termination "normal"]
[Board "7.3"]
[WhiteElo "800"]
[BlackElo "1081"]
[WhiteTeam "SV Gryps"]
[BlackTeam "SV Breitenworbis"]
[BlackFideId "12964530"]
[EventCountry "GER"]
[EventRounds "7"]
[EventType "team-swiss"]
[EventDate "2011.12.26"]

1. e4 e5 2. Nf3 d6 3. Nc3 Be7 4. d4 exd4 5. Qxd4 Nf6 6. Bg5 O-O 7. O-O-O Ng4 8.
e5 Bxg5+ 9. Kb1 Nc6 10. Qd3 Nxf2 11. Rg1 Nxd3 12. Rxd3 Re8 13. Rd1 Nxe5 14.
Nxg5 Qxg5 15. a4 Bf5 16. Bd3 Bxd3 17. cxd3 Qg6 18. h4 Qg3 19. Ne2 Qf2 20. Rgf1
Qxe2 21. d4 Nc4 22. Rc1 Qxb2# 0-1

[Event "DVM U14w 2011"]
[Site "Arendsee (Altmark) GER"]
[Date "2011.12.30"]
[Round "7"]
[White "Diederich, Lena"]
[Black "Decker, Martha"]
[Result "1-0"]
[Termination "normal"]
[Board "7.4"]
[WhiteElo "916"]
[BlackElo "800"]
[WhiteTeam "SV Breitenworbis"]
[BlackTeam "SV Gryps"]
[WhiteFideId "12964549"]
[EventCountry "GER"]
[EventRounds "7"]
[EventType "team-swiss"]
[EventDate "2011.12.26"]

1. e4 e5 2. Nf3 Nc6 3. Bc4 Nf6 4. d3 Be7 5. c3 O-O 6. Be3 Re8 7. O-O Kh8 8. Re1
Rb8 9. b4 h6 10. Bxf7 Rf8 11. Bc4 Re8 12. h3 Kh7 13. Nbd2 Ng8 14. d4 Rf8 15.
dxe5 Bf6 16. exf6 Rxf6 17. e5 Rf8 18. Qc2+ Kh8 19. Qg6 Rf6 20. exf6 Nxf6 21.
Bd3 Kg8 22. Bc4+ Kf8 23. Qf7# 1-0

[Event "DVM U14w 2011"]
[Site "Arendsee (Altmark) GER"]
[Date "2011.12.30"]
[Round "7"]
[White "Höschen, Franziska"]
[Black "Rosmait, Emily"]
[Result "1/2-1/2"]
[Termination "normal"]
[Board "8.1"]
[WhiteElo "1377"]
[BlackElo "1537"]
[WhiteTeam "SF Paderborn"]
[BlackTeam "Lübecker SV"]
[BlackFideId "12937754"]
[EventCountry "GER"]
[EventRounds "7"]
[EventType "team-swiss"]
[EventDate "2011.12.26"]

1. e4 e5 2. Nf3 Nc6 3. Bb5 Nf6 4. O-O Nxe4 5. Re1 Nd6 6. Bxc6 bxc6 7. Nxe5 Be7
8. d4 O-O 9. Nc3 Nb5 10. Nxb5 cxb5 11. Qe2 Bf6 12. Qxb5 a6 13. Qd3 Bb7 14. Bf4
d6 15. Ng4 Bh4 16. Re2 Qd7 17. h3 Qc6 18. f3 Qb6 19. Qc3 h5 20. Nf2 Bf6 21. Rd1
Rae8 22. Be3 Bd5 23. b3 Qa7 24. Qd3 Qb7 25. Rde1 Bc6 26. c4 Bh4 27. d5 Bd7 28.
Bd4 Qc8 29. Rxe8 Rxe8 30. Rxe8+ Qxe8 31. Qe4 Qd8 32. Qe2 Qg5 33. Kh1 Qf5 34.
Qe4 Qg5 35. Qe3 Qg6 36. Qe4 Qg5 37. Qe3 Qd8 38. Qc3 f6 39. Ne4 Qe8 40. Qe3 Qd8
41. g3 Bg5 42. Nxg5 fxg5 43. Kh2 g4 44. hxg4 hxg4 45. fxg4 Bxg4 46. Qe4 Bd7 47.
Bc3 Qg5 48. Qh4 Qxh4+ 49. gxh4 Bf5 50. Ba5 Kf7 51. Bxc7 Ke7 52. b4 Bb1 53. a4
Ba2 54. c5 dxc5 55. bxc5 Bxd5 56. a5 Kf6 57. Kg3 Kf5 58. Bb6 1/2-1/2

[Event "DVM U14w 2011"]
[Site "Arendsee (Altmark) GER"]
[Date "2011.12.30"]
[Round "7"]
[White "Zech, Anna"]
[Black "Bürger, Jessica"]
[Result "1/2-1/2"]
[Termination "normal"]
[Board "8.2"]
[WhiteElo "1176"]
[BlackElo "1270"]
[WhiteTeam "Lübecker SV"]
[BlackTeam "SF Paderborn"]
[WhiteFideId "12909424"]
[BlackFideId "12917974"]
[EventCountry "GER"]
[EventRounds "7"]
[EventType "team-swiss"]
[EventDate "2011.12.26"]

1. e4 e5 2. Nf3 Nc6 3. Bb5 d6 4. d4 exd4 5. Nxd4 Bd7 6. Be3 Nf6 7. Nc3 Be7 8.
O-O O-O 9. Qd3 Ne5 10. Qe2 c6 11. Bd3 Qc8 12. Qd2 c5 13. Nde2 Bh3 14. Ng3 Be6
15. Nce2 Qd7 16. Nf4 Rad8 17. Nxe6 Qxe6 18. b3 Nfg4 19. h3 Nxe3 20. Qxe3 Bf6
21. Rad1 b6 22. c4 Rfe8 23. Rfe1 Nc6 24. Be2 Nd4 25. Bg4 Qe7 26. Nf5 Nxf5 27.
Bxf5 g6 28. Bg4 Bd4 29. Qd3 Qf6 30. Bf3 h5 31. Re2 Re5 32. Kh1 Qh4 33. Kg1 Rg5
34. Kf1 Re8 35. Rde1 Rge5 36. Kg1 g5 37. Rd1 g4 38. hxg4 hxg4 39. g3 Qh5 40.
Bg2 Kg7 41. Kf1 Rh8 42. Ke1 Qh6 43. Rdd2 Qh1+ 44. Bf1 Qg1 45. Rd1 Rh1 46. Kd2
Bxf2 47. Qxd6 Qxg3 48. Qd3 Qf4+ 49. Kc2 Bd4 50. Bg2 Rxd1 51. Qxd1 Qg3 52. Qd3
Qxd3+ 53. Kxd3 Kg6 54. Bf1 f5 55. exf5+ Kxf5 56. Rxe5+ Kxe5 57. Bg2 Kf4 58. Ke2
Kg3 59. Bd5 Kf4 60. Kf1 Ke3 61. Ke1 Kd3 62. Kd1 Be3 63. a4 Kc3 64. Bc6 g3 65.
Ke2 Bd4 66. Kf3 a6 67. Bb7 a5 68. Ba6 Kxb3 69. Bb5 Be5 70. Kg2 Kc3 71. Kf3 Kd3
72. Kg2 Ke2 73. Bc6 Kd3 74. Bb5 Ke2 75. Ba6 Ke3 76. Kf1 Kd2 1/2-1/2

[Event "DVM U14w 2011"]
[Site "Arendsee (Altmark) GER"]
[Date "2011.12.30"]
[Round "7"]
[White "Höschen, Annika"]
[Black "Kusanowa, Maria"]
[Result "1-0"]
[Termination "normal"]
[Board "8.3"]
[WhiteElo "1261"]
[BlackElo "890"]
[WhiteTeam "SF Paderborn"]
[BlackTeam "Lübecker SV"]
[EventCountry "GER"]
[EventRounds "7"]
[EventType "team-swiss"]
[EventDate "2011.12.26"]

1. e4 e5 2. Nf3 Nc6 3. Bc4 Bc5 4. d3 d6 5. h3 h6 6. O-O Nf6 7. Nc3 O-O 8. Be3
Bxe3 9. fxe3 Be6 10. Bb3 Bxb3 11. axb3 d5 12. exd5 Nxd5 13. Qd2 Nxc3 14. bxc3
Re8 15. Qf2 e4 16. Nd4 Nxd4 17. cxd4 f6 18. Qf5 exd3 19. Qxd3 Qe7 20. Rfe1 Rad8
21. Rxa7 b6 22. Qc4+ Kh8 23. Qxc7 Qxc7 24. Rxc7 Re6 25. Kf2 Rdd6 26. Ra1 Rc6
27. Rxc6 Rxc6 28. c4 f5 29. Ra8+ Kh7 30. Rf8 g6 31. Rd8 Rf6 32. d5 f4 33. e4
Kg7 34. Re8 Rf7 35. d6 Ra7 36. Re7+ Rxe7 37. dxe7 Kf7 38. Kf3 g5 39. h4 Kxe7
40. hxg5 hxg5 41. Kg4 Kf6 42. b4 Ke5 43. Kxg5 Kxe4 44. Kg4 Kd4 45. c5 bxc5 46.
bxc5 Kxc5 47. Kxf4 Kd6 48. Kf5 Ke7 49. Kg6 Kf8 50. g4 Kg8 51. g5 Kh8 52. Kf7
Kh7 53. g6+ Kh8 54. g7+ Kh7 55. g8=Q+ Kh6 56. Qg6# 1-0

[Event "DVM U14w 2011"]
[Site "Arendsee (Altmark) GER"]
[Date "2011.12.30"]
[Round "7"]
[White "Mushket, Alexsandra"]
[Black "Thölke, Nina"]
[Result "0-1"]
[Termination "normal"]
[Board "8.4"]
[WhiteElo "800"]
[BlackElo "1013"]
[WhiteTeam "Lübecker SV"]
[BlackTeam "SF Paderborn"]
[EventCountry "GER"]
[EventRounds "7"]
[EventType "team-swiss"]
[EventDate "2011.12.26"]

1. e4 e5 2. Nf3 Nc6 3. Nc3 Bc5 4. Bb5 d6 5. O-O Nf6 6. h3 O-O 7. d3 h6 8. Re1
Be6 9. Bxc6 bxc6 10. Be3 Bxe3 11. Rxe3 d5 12. Nxe5 d4 13. Nxc6 Qd6 14. Nxd4
Qxd4 15. Nb5 Qb6 16. c4 Rfd8 17. e5 Ne8 18. b3 c6 19. Nd4 Qxd4 20. Re4 Qxd3 21.
Qf3 Qxf3 22. gxf3 Bxh3 23. Rh4 Bf5 24. Re1 Rd2 25. Kg2 Rxa2 26. Rhh1 Rb2 27.
Re3 Rb8 28. e6 Bxe6 29. Rd1 R2xb3 30. Rxb3 Rxb3 31. Rd8 Kf8 0-1

[Event "DVM U14w 2011"]
[Site "Arendsee (Altmark) GER"]
[Date "2011.12.30"]
[Round "7"]
[White "Holschuh, Luisa"]
[Black "Titgemeyer, Eva Maria"]
[Result "1-0"]
[Termination "normal"]
[Board "9.1"]
[WhiteElo "998"]
[BlackElo "1519"]
[WhiteTeam "SV 1926 Riegelsberg"]
[BlackTeam "SG Porz"]
[WhiteFideId "12951978"]
[BlackFideId "24655350"]
[EventCountry "GER"]
[EventRounds "7"]
[EventType "team-swiss"]
[EventDate "2011.12.26"]

1. e4 e5 2. Nf3 Nc6 3. Nc3 Nf6 4. d4 exd4 5. Nxd4 Bb4 6. Bg5 h6 7. Bh4 g5 8.
Bg3 Nxe4 9. Nxc6 Bxc3+ 10. bxc3 dxc6 11. Qxd8+ Kxd8 12. Rd1+ Ke8 13. Bxc7 Be6
14. Be5 Rg8 15. Bd3 Nc5 16. Bh7 Rf8 17. Bg7 f5 18. Bg6+ Ke7 19. Bxf8+ Rxf8 20.
Bh5 g4 21. h3 Kf6 22. hxg4 fxg4 23. Rd4 Kg5 24. f3 gxf3 25. Bxf3 Nd7 26. Rh5+
Kg6 27. Ra5 Re8 28. Bh5+ 1-0

[Event "DVM U14w 2011"]
[Site "Arendsee (Altmark) GER"]
[Date "2011.12.30"]
[Round "7"]
[White "Siegel, Aurelia"]
[Black "Weiten, Anna"]
[Result "1/2-1/2"]
[Termination "normal"]
[Board "9.2"]
[WhiteElo "1085"]
[BlackElo "844"]
[WhiteTeam "SG Porz"]
[BlackTeam "SV 1926 Riegelsberg"]
[WhiteFideId "12929581"]
[BlackFideId "12938203"]
[EventCountry "GER"]
[EventRounds "7"]
[EventType "team-swiss"]
[EventDate "2011.12.26"]

1. e4 e5 2. Nf3 Nc6 3. d4 exd4 4. Nxd4 Bc5 5. Be3 Qf6 6. c3 Nge7 7. Bc4 Qg6 8.
Qf3 O-O 9. Nd2 Bb6 10. O-O-O d6 11. h4 Bg4 12. h5 Bxf3 13. hxg6 Bxd1 14. Bxf7+
Rxf7 15. gxf7+ Kxf7 16. Kxd1 h6 17. f4 d5 18. Nxc6 Bxe3 19. Nxe7 Bxd2 20. Kxd2
Kxe7 21. exd5 Rd8 22. c4 b5 23. b3 c6 24. Rh5 bxc4 25. bxc4 cxd5 26. cxd5 Kf6
27. Re5 Rd6 28. g3 g5 1/2-1/2

[Event "DVM U14w 2011"]
[Site "Arendsee (Altmark) GER"]
[Date "2011.12.30"]
[Round "7"]
[White "Weiten, Katharina"]
[Black "Schröter, Sophie"]
[Result "1-0"]
[Termination "normal"]
[Board "9.3"]
[WhiteElo "755"]
[BlackElo "1065"]
[WhiteTeam "SV 1926 Riegelsberg"]
[BlackTeam "SG Porz"]
[WhiteFideId "12971979"]
[BlackFideId "12941786"]
[EventCountry "GER"]
[EventRounds "7"]
[EventType "team-swiss"]
[EventDate "2011.12.26"]

1. e4 e5 2. Nf3 Nc6 3. Nc3 Bb4 4. Bc4 d6 5. d3 Bg4 6. O-O Nd4 7. Nd5 Bc5 8. Bg5
f6 9. Be3 Nxf3+ 10. gxf3 Bh3 11. Re1 c6 12. Bxc5 dxc5 13. Ne3 f5 14. exf5 Qg5+
15. Kh1 Nf6 16. Rg1 Qh6 17. Be6 g6 18. Qe1 Qf4 19. Bc4 Qxf3+ 20. Ng2 e4 21.
dxe4 Nxe4 22. Rd1 Qxd1 23. Qxe4+ Kf8 24. Rxd1 Bxf5 25. Qe5 Bxc2 26. Qxh8+ Ke7
27. Qxa8 Bxd1 28. Qxb7+ Kd6 29. Qf7 Ke5 30. Qe6+ Kd4 31. Qd6+ Kxc4 32. Qxd1 a5
33. Qb3+ Kd4 34. Qe3+ Kc4 35. Kg1 a4 36. Kf1 Kb4 37. Ke2 c4 38. a3+ Kb5 39.
Qe5+ c5 40. Kd2 h5 41. Kc3 Kc6 42. Kxc4 Kb6 43. Qxc5+ Ka6 44. Qb5+ Ka7 45. Kc5
Ka8 46. Kc6 h4 47. Qb7# 1-0

[Event "DVM U14w 2011"]
[Site "Arendsee (Altmark) GER"]
[Date "2011.12.30"]
[Round "7"]
[White "Müller, Jennifer"]
[Black "Weiten, Teresa"]
[Result "1-0"]
[Termination "normal"]
[Board "9.4"]
[WhiteElo "945"]
[BlackElo "728"]
[WhiteTeam "SG Porz"]
[BlackTeam "SV 1926 Riegelsberg"]
[BlackFideId "12971944"]
[EventCountry "GER"]
[EventRounds "7"]
[EventType "team-swiss"]
[EventDate "2011.12.26"]

1. e4 e5 2. Nf3 Nc6 3. Bc4 Nf6 4. d3 Bc5 5. Bg5 d6 6. h3 O-O 7. Nc3 Be6 8. Bb3
h6 9. Bh4 Na5 10. Qd2 Nxb3 11. axb3 Bb4 12. O-O Qe7 13. Nd5 Bxd5 14. Qxb4 Bc6
15. Qd2 Qe6 16. Qe3 Nh5 17. Rxa7 Rxa7 18. Qxa7 Nf4 19. Bg3 Qg6 20. Qe3 Qg5 21.
Nxg5 hxg5 22. Bxf4 gxf4 23. Qe2 Re8 24. Ra1 g6 25. Rd1 Re6 26. d4 f5 27. d5
Bxd5 28. exd5 Rf6 29. Ra1 e4 30. Ra8+ Kg7 31. Ra7 f3 32. gxf3 exf3 33. Qe3 g5
34. Qxf3 g4 35. hxg4 fxg4 36. Qxg4+ Kf7 37. Rxb7 Rg6 38. Qxg6+ Kxg6 39. Rxc7
Kf5 40. Re7 Kf6 41. Re3 Kf5 42. b4 Kf4 43. b5 Kf5 44. b6 Kf4 45. b7 Kf5 46.
b8=Q Kf4 47. Qxd6+ Kf5 48. Qf8+ 1-0